Welcome to CU Library Online Public Access Catalogue (OPAC)

Sociology: (Record no. 4810)

MARC details
000 -LEADER
fixed length control field 00605nam a22002057a 4500
005 - DATE AND TIME OF LATEST TRANSACTION
control field 20250314171108.0
008 - FIXED-LENGTH DATA ELEMENTS--GENERAL INFORMATION
fixed length control field 250314b |||||||| |||| 00| 0 eng d
020 ## - INTERNATIONAL STANDARD BOOK NUMBER
International Standard Book Number 9780205844623
050 ## - LIBRARY OF CONGRESS CALL NUMBER
Classification number HM586
Item number .H63 HEN
100 ## - MAIN ENTRY--PERSONAL NAME
Personal name Henslin James M.
245 ## - TITLE STATEMENT
Title Sociology:
Remainder of title A down-to-earth approach
Statement of responsibility, etc. James M. Henslin, Dan Glenday, Norene Pupo & Ann Duffy
250 ## - EDITION STATEMENT
Edition statement 6th Ed.
260 ## - PUBLICATION, DISTRIBUTION, ETC.
Place of publication, distribution, etc. Toronto
Name of publisher, distributor, etc. Pearson Education Inc
Date of publication, distribution, etc. 2014
300 ## - PHYSICAL DESCRIPTION
Extent xxxii. 496p.
Other physical details ill.
Dimensions 28 cm
650 ## - SUBJECT ADDED ENTRY--TOPICAL TERM
Source of heading or term Sociology
700 ## - ADDED ENTRY--PERSONAL NAME
Personal name Glenday Dan
700 ## - ADDED ENTRY--PERSONAL NAME
Personal name Pupo Norene
700 ## - ADDED ENTRY--PERSONAL NAME
Personal name Duffy Ann
942 ## - ADDED ENTRY ELEMENTS (KOHA)
Source of classification or shelving scheme Library of Congress Classification
Koha item type Books
Edition 6th Ed.
Suppress in OPAC No
999 ## -
-- 4810
-- 4810
Holdings
Withdrawn status Lost status Source of classification or shelving scheme Damaged status Not for loan Collection Home library Current library Shelving location Date acquired Total checkouts Full call number Barcode Date last seen Copy number Price effective from Koha item type
    Library of Congress Classification     Non-fiction Business Library (Miotso) Business Library (Miotso) General stacks 03/14/2025   HM586 .H63 HEN BSSM00001379 03/14/2025 1 03/14/2025 Books
© 2023-2024 Copyright: Central University Libraries. All Rights Reserved | Created by: Mahone Tech Office